000 00459nam a22001697a 4500
003 OSt
005 20250507162912.0
008 250429b |||||||| |||| 00| 0 eng d
020 _a9781843341802
040 _cRDA
100 _aSHEN, JIE.,
_eAUTHOR
_9753364
245 _aLABOUR DISPUTES AND THEIR RESOLUTIONS IN CHINA
_cBy Jie Shen
260 _aUNITED KINGDOM,LONDON
_bCHANDOS
_c2007
300 _axiv,164P
650 _2Resolutions
942 _2CC
_cGB
_n0
999 _c1309711
_d1309711